Finite element analysis: theory and application with ansys (Record no. 576825)

000 -LEADER
fixed length control field 00325nam a22001217a 4500
082 ## - DEWEY DECIMAL CLASSIFICATION NUMBER
Classification number 620.00151535 MOA
100 ## - MAIN ENTRY--PERSONAL NAME
Personal name Moaveni, Saeed
9 (RLIN) 14738
245 ## - TITLE STATEMENT
Title Finite element analysis: theory and application with ansys
250 ## - EDITION STATEMENT
Edition statement 3rd
260 ## - PUBLICATION, DISTRIBUTION, ETC.
Place of publication, distribution, etc. India
Name of publisher, distributor, etc. Pearson
Date of publication, distribution, etc. 2016
650 ## - SUBJECT ADDED ENTRY--TOPICAL TERM
Topical term or geographic name entry element Finite Element Analysis. FEM
942 ## - ADDED ENTRY ELEMENTS (KOHA)
Koha item type Book
Holdings
Withdrawn status Lost status Source of classification or shelving scheme Damaged status Not for loan Permanent Location Current Location Shelving location Date acquired Full call number Barcode Date last seen Price effective from Koha item type Public note
          College of Electrical & Mechanical Engineering (CEME) College of Electrical & Mechanical Engineering (CEME) General Stacks 10/16/2019 620.00151535 MOA CEME-49843 06/28/2021 06/28/2021 Book 4.0
          College of Electrical & Mechanical Engineering (CEME) College of Electrical & Mechanical Engineering (CEME) General Stacks 10/16/2019 620.00151535 MOA CEME-49844 06/28/2021 06/28/2021 Book 4.0
          College of Electrical & Mechanical Engineering (CEME) College of Electrical & Mechanical Engineering (CEME) General Stacks 10/16/2019 620.00151535 MOA CEME-49845 06/28/2021 06/28/2021 Book 4.0
          College of Electrical & Mechanical Engineering (CEME) College of Electrical & Mechanical Engineering (CEME) General Stacks 10/16/2019 620.00151535 MOA CEME-49846 06/28/2021 06/28/2021 Book 4.0
          College of Electrical & Mechanical Engineering (CEME) College of Electrical & Mechanical Engineering (CEME) General Stacks 10/16/2019 620.00151535 MOA CEME-49847 06/28/2021 06/28/2021 Book 4.0
© 2023 Central Library, National University of Sciences and Technology. All Rights Reserved.